000 00828nam a2200253 a 4500
001 62256
003 BD-RjUL
005 20211209081048.0
008 170123s2001 sz ab b 000 0 fre d
020 _a3907622332
035 _a(BD-RjUL)62382
040 _aESU
_cESU
_dBD-RjUL
_beng
041 1 _afre
_hger
082 0 0 _a792.09494
_223
_bSCL 2001
100 1 _aSchläpfer, Beat.
_9185180
245 1 3 _aLa sceǹe en Suisse :
_ble théatre et son public durant cinq siec̀les /
_cBeat Schläpfer ; [traduction française, Francoise Senger].
250 _a2e ed. rev. et mise à jour.
260 _aZurich :
_bPro Helvetia,
_c2001.
300 _a149 p. :
_bill. ;
_c21 cm.
504 _aIncludes bibliographical references
650 0 _aTheater
_zSwitzerland
_xHistory.
_9185181
942 _2ddc
_cBK
999 _c62256
_d62256